Nürnberger und Heidelberger Schriften, 1808-1817 /

Збережено в:
Бібліографічні деталі
Автор: Hegel, Friedrich (autor)
Інші автори: Moldenhauer, Eva (edición) (edición), Michel, Karl Markus (edición) (edición)
Формат: Книга
Мова:German
Опубліковано: Frankfurt, Alemania : Suhrkamp, 1979, c1970
Теги: Додати тег
Немає тегів, Будьте першим, хто поставить тег для цього запису!

MARC

LEADER 00000nam^a2200000^a^4500
001 000567750
005 20250521000000.0
009 20260310132134.213
037 |a Acervo Xavier Clavigero 
041 |a ALE 
091 |a FPA. 01981 
100 |a Hegel, Friedrich  |e (autor) 
245 1 0 |a Nürnberger und Heidelberger Schriften, 1808-1817 / 
264 4 |a Frankfurt, Alemania :  |b Suhrkamp,  |c 1979, c1970 
300 |a 622 p. 
336 |a texto  |b txt  |2 rdacontenido 
337 |a sin mediación  |b n  |2 rdamedio 
338 |a volumen  |b nc  |2 rdasoporte 
649 |a XX 
700 |a Moldenhauer, Eva  |e (edición) 
700 |a Michel, Karl Markus  |e (edición) 
910 |a Fondo José Ignacio Palencia Gómez S.J. 
920 |a Impresos - Libros 
930 |a Fondos Especiales 
905 |a 137 
901 |a 0500359597  |b IT2  |c ESL  |i D  |u 20250521 
902 |a https://opac.biblio.iteso.mx/vufind/Record/000567750